Súper sentidos : (Registro nro. 124)

Detalles MARC
000 -CABECERA
Longitud fija campo de control 01760nam a2200313 4500
003 - • IDENTIFICADOR DELl NÚMERO DE CONTROL
Identificador del número de control CO-ViMGA
008 - • CÓDIGOS DE INFORMACIÓN DE LONGITUD FIJA
Códigos de información de longitud fija 140611b2013 ck|a|||g|||| 00| 01sspad
020 ## - • NÚMERO INTERNACIONAL NORMALIZADO PARA LIBROS
Número Internacional Normalizado para Libros (ISBN) 9789586890397
040 ## - FUENTE DE LA CATALOGACIÓN
Centro catalogador de origen CO-ViMGA
Lengua de catalogación spa
Centro transcriptor CO-ViMGA
082 04 - • NÚMERO DE LA CLASIFICACIÓN DECIMAL DEWEY
Número de clasificación (R) 573.87
Número del ítem B87s
100 1# - • PUNTO DE ACCESO PRINCIPAL-NOMBRE DE PERSONA
Nombre de persona Burdon, Amanda
245 10 - • TITULO PROPIAMENTE DICHO
Título Súper sentidos :
Resto del título animales asombrosos, comportamientos singulares /
Mención de responsabilidad, etc. Amanda Burdon ; traducción con la colaboración de Diana Patricia Santiago Villarreal
250 ## - • MENCIÓN DE EDICIÓN
Mención de edición Edición especial para el Ministerio de Cultura
300 ## - • DESCRIPCIÓN FÍSICA
Extensión 64 páginas
Otras características físicas ilustraciones y fotografías en color, 25 cm
490 ## - • MENCIÓN DE SERIE
Mención de serie Leer es mi cuento
490 ## - • MENCIÓN DE SERIE
Mención de serie Animal Planet. Extraño y maravilloso
500 ## - • NOTA GENERAL
Nota general Incluye glosario
500 ## - • NOTA GENERAL
Nota general Incluye índice alfabético
505 ## - • NOTA DE CONTENIDO CON FORMATO
Nota de contenido con formato Electrosensores -- Luz invisible -- Ecolocación -- Sensores de movimiento -- Glosario --índice
505 ## - • NOTA DE CONTENIDO CON FORMATO
Nota de contenido con formato Ojos extraordinarios -- Ojos para vivir -- Ojos sorprendentes -- Ojos complejos -- Vista nocturna -- Vida en la oscuridad -- Hocicos y olfato -- Las mejores narices -- Acércate a cómo olfatean los tiburones -- Hocicos increíbles -- Probando el aire -- Las aves y el olfato -- Orejas y oído -- Orejas sorprendentes -- Grandes orejas -- Orejas ocultas -- Extraña frecuencia -- Tacto y gusto -- Sensores fantásticos -- Antenas de insectos --Tentáculos y ventosas -- Lenguas magníficas -- Acércate a camaleones -- Extrasentidos --
650 14 - • PUNTO DE ACCESO ADICIONAL DE MATERIA - TÉRMINO DE MATERIA
Término de materia o nombre geográfico como elemento inicial Animales
Subdivisión de materia general Hábitos y conducta
650 14 - • PUNTO DE ACCESO ADICIONAL DE MATERIA - TÉRMINO DE MATERIA
Término de materia o nombre geográfico como elemento inicial Libros ilustrados para niños
650 14 - • PUNTO DE ACCESO ADICIONAL DE MATERIA - TÉRMINO DE MATERIA
Término de materia o nombre geográfico como elemento inicial Órganos de los sentidos
650 14 - • PUNTO DE ACCESO ADICIONAL DE MATERIA - TÉRMINO DE MATERIA
Término de materia o nombre geográfico como elemento inicial Zoología
700 1# - • PUNTO DE ACCESO ADICIONAL - NOMBRE DE PERSONA
Nombre de persona García Cerezo, Tomás
700 1# - • PUNTO DE ACCESO ADICIONAL - NOMBRE DE PERSONA
Nombre de persona Santiago Villareal, Diana Patricia
942 ## - ENTRADA DE ELEMENTOS AGREGADOS (KOHA)
Fuente de clasificaión o esquema Dewey Decimal Classification
Koha [por defecto] tipo de item LIbro
Existencias
Perdido Fuente de clasificación o esquema Estado Físico No para préstamo Forma de adquisición Localización permanente Localización actual Localización en estanterías Fecha adquisición Préstamos totales Signatura completa Código de barras Fecha última consulta Número de copia Fecha del precio de reemplazo Tipo de item de Koha Coste, precio normal de compra Renovaciones totales Fecha último préstamo Note pública
  Dewey Decimal Classification     Infantil Biblioteca Pública Cubarral Biblioteca Pública Cubarral Sala Infantil 07/04/2023   573.87 B87s CUB00040 07/04/2023 Ej.1 07/04/2023 Libro Infantil        
  Dewey Decimal Classification     Infantil Biblioteca Pública Dorado Biblioteca Pública Dorado Sala Infantil 03/03/2023   573.87 B87s DOR02640 03/03/2023 Ej.1 03/03/2023 Libro Infantil        
  Dewey Decimal Classification     Colección General Biblioteca Pública José Eustasio Rivera - San Martin Biblioteca Pública José Eustasio Rivera - San Martin Sala Infantil 11/24/2023   573.87 B87s SM02777 11/24/2023 Ej.1 11/24/2023 Libro Infantil        
  Dewey Decimal Classification     Infantil Biblioteca Pública El Castillo - Alfonso Meneses Biblioteca Pública El Castillo - Alfonso Meneses Sala Infantil 08/09/2023   573.87 B87s EC00137 08/09/2023 Ej.1 08/09/2023 Libro Infantil        
        Colección Sala Infantil de Literatura Pocatil y Tilín Biblioteca Pública Departamental Eduardo Carranza - Villavicencio Biblioteca Pública Departamental Eduardo Carranza - Villavicencio Sala Infantil 07/11/2014   573.87 B87s ECA22969 11/25/2024 Ej.1 11/25/2024 LIbro       17018 | 21910
  Dewey Decimal Classification     Sala Infantil Segundo Piso Biblioteca Pública Germán Arciniegas - Villavicencio Biblioteca Pública Germán Arciniegas - Villavicencio   09/01/2019 2 573.87 B87s 28409 09/27/2022   05/05/2018 LIbro 6780.00 1 04/08/2019  
  Dewey Decimal Classification     Infantil Biblioteca Pública Guamal Biblioteca Pública Guamal Sala Infantil 03/01/2023   573.87 B87s GUA001825 03/01/2023 Ej.1 03/01/2023 Libro Infantil        
  Dewey Decimal Classification     Infantil Biblioteca Pública La Macarena Biblioteca Pública La Macarena Sala Infantil 08/13/2024   573.87 B87s LM001686 08/13/2024 Ej.1 08/13/2024 LIbro        
  Dewey Decimal Classification     Infantil Biblioteca Pública Mapiripan Biblioteca Pública Mapiripan Sala Infantil 01/25/2024   573.87 B87s MAP00003655 01/25/2024 Ej.1 01/25/2024 LIbro        
  Dewey Decimal Classification       Biblioteca Pública Puerto Rico Biblioteca Pública Puerto Rico Sala Infantil 06/07/2023   573.87 B87s PR000001292 06/07/2023 Ej.1 06/07/2023 Libro Infantil        
  Dewey Decimal Classification     Infantil Biblioteca Pública San Juanito - Ernesto Maria Peña Romero Biblioteca Pública San Juanito - Ernesto Maria Peña Romero Sala Infantil 01/15/2025   573.87 B87s SJU01170 01/15/2025 Ej.1 01/15/2025 LIbro        









Instituto Departamental de Cultura del Meta - Red Departamental de Bibliotecas Públicas del Meta.